| 000 | 00786nam a22002777a 4500 | ||
|---|---|---|---|
| 001 | BR2013003150 | ||
| 003 | BR-BrBNA | ||
| 005 | 20230928104200.0 | ||
| 007 | ta | ||
| 008 | 230509b bl.||||| |||| 00| 0 por d | ||
| 040 |
_aBR-BrBNA _bpor _cBiblioteca Nacional de Agricultura |
||
| 041 | _a(Por) | ||
| 072 |
_aP06 _b0230 |
||
| 090 | _ 0230 BR2013003150 | ||
| 110 | 1 |
_aUnião da Indústria de Cana-de-Açúcar, Brasília, DF (Brasil) _911354 |
|
| 245 | 1 | _aBioeletricidade: a energia verde e inteligente do Brasil | |
| 260 | 3 |
_aRio de Janeiro, RJ (Brasil): _c2010. |
|
| 300 | _a24 p. | ||
| 500 | _a9 ref.; 21 illus | ||
| 650 | _aCANA DE AÇÚCAR | ||
| 650 | _aBAGAÇO | ||
| 650 | _aELETRICIDADE | ||
| 650 | _aENERGIA | ||
| 909 |
_a202309 _bLucia _c55 _dLucia Elande |
||
| 942 | _cBK | ||
| 999 |
_c78560 _d78560 |
||